Visualizzazione normale
Vista MARC
- Lopez Trujillo Alfonso
di Personal Name
Records bibliografici associati: 1
001 - CONTROL NUMBER
- control field: 60593
003 - CONTROL NUMBER IDENTIFIER
- control field:
005 - DATE AND TIME OF LATEST TRANSACTION
- control field: 20240329113511.0
008 - FIXED-LENGTH DATA ELEMENTS
- fixed length control field: 240329|| aca||aabn | a|a d
040 ## - CATALOGING SOURCE
- Original cataloging agency:
- Transcribing agency:
100 ## - HEADING--PERSONAL NAME
- Personal name: Lopez Trujillo Alfonso
670 ## - SOURCE DATA FOUND
- Source citation: Work cat.: ()227227: Lopez Trujillo Alfonso , Il Giubileo della famiglia, 2000